| 000 | 00520nam a22001937a 4500 | ||
|---|---|---|---|
| 003 | OSt | ||
| 005 | 20140310183001.0 | ||
| 008 | 130209t xxu||||| |||| 00| 0 eng d | ||
| 020 | _a9710850903 | ||
| 050 |
_aHD 58.8 _b.B55 1991 |
||
| 100 | _aBlake, Robert R. | ||
| 245 |
_aChange by design / _c Robert R. Blake, Jane Srygley Mouton, Anne Adams McCanse |
||
| 260 |
_aManila : _bNational Book Store, _c1991. |
||
| 300 |
_a221 p. : _c 21 cm. |
||
| 521 | _aBSBA | ||
| 562 | _e1 | ||
| 942 |
_2lcc _cBK _kLOC |
||
| 999 |
_c18127 _d18127 |
||